00563nam a2200145Ia 4500008004100000041000800041082001200049100001800061245009000079260003700169300000900206906002100215999001900236952016200255230511s1967 xx 000 0 und d aeng a348.041 aChitaley S W  aAll India Reporter 1967 Supreme Court All India Reporter 1957 All India Reporter 1957 aNagpurbAll India Reporterc1967 a1200 aHigh Court Cases c350138d350138 00104070aNLKbNLKcA/3/Ad2023-05-11eBharati Madhyavarti Sahakari Grahak Bhandar Ltd.g103.00l0o348.041pNLK-6158r2023-05-11 00:00:00w2023-05-11y105